000 00866nam a22002777a 4500
001 24162
003 UA-OsUOA
005 20260421113715.0
007 ta
008 20040209b un ||||| |||| 00| 0 ukr d
020 _a5319008260
040 _aUA-OsUOA
_bukr
_cUA-OsUOA
_dUA-OsUOA
041 _aukr
044 _aUA
080 _a94(477)(063)066
090 _a94(477)(063)066
_bВ48
100 _aВинниченко В.
_917474
245 _aВідродження нації
_bв 3 ч.
_nЧ.1
_cВолодимир Винниченко
250 _aрепринтне відтворення видання 1920 року
260 _aКиїв
_bВПЛУ
_c1990
300 _a348 с.
650 7 _2UDC
_a94(477) Історія України
_91446
942 _cBK
_2udc
955 _a1
999 _c310427
_d310427